| Tag |
First Indicator |
Second Indicator |
Subfields |
| LEADER |
00000cam a22000004a 4500 |
| 001 |
in00002362575 |
| 005 |
20151108085354.0 |
| 008 |
070607s2007 njuab b 001 0 eng |
| 010 |
|
|
|a 2007023217
|
| 020 |
|
|
|a 9780691131436 (hardcover : alk. paper)
|
| 020 |
|
|
|a 0691131430 (hardcover : alk. paper)
|
| 020 |
|
|
|a 9780691134635 (pbk. : alk. paper)
|
| 020 |
|
|
|a 0691134634 (pbk. : alk. paper)
|
| 035 |
|
|
|a (OCoLC)ocn144547747
|
| 035 |
|
|
|a (OCoLC)144547747
|
| 040 |
|
|
|a DLC
|c DLC
|d BAKER
|d BTCTA
|d C#P
|d YDXCP
|d UtOrBLW
|
| 043 |
|
|
|a n-us---
|
| 049 |
|
|
|a TXAM
|
| 050 |
0 |
0 |
|a UA26.A2
|b C35 2007
|
| 082 |
0 |
0 |
|a 355.7
|2 22
|
| 100 |
1 |
|
|a Calder, Kent E.
|
| 245 |
1 |
0 |
|a Embattled garrisons :
|b comparative base politics and American globalism /
|c Kent E. Calder.
|
| 264 |
|
1 |
|a Princeton, N.J. :
|b Princeton University Press,
|c [2007]
|
| 264 |
|
4 |
|c ©2007
|
| 300 |
|
|
|a xvi, 321 pages :
|b illustrations, map ;
|c 24 cm.
|
| 336 |
|
|
|a text
|b txt
|2 rdacontent
|
| 337 |
|
|
|a unmediated
|b n
|2 rdamedia
|
| 338 |
|
|
|a volume
|b nc
|2 rdacarrier
|
| 504 |
|
|
|a Includes bibliographical references (pages [295]-307) and index.
|
| 505 |
0 |
|
|a Introduction -- The heritage of history -- Deepening vulnerability : changing profiles of forward deployment and implications for policy -- Base politics : a conceptual introduction -- The nature of the contest -- The base politics environment : comparative perspectives -- Base politics deconstructed : four paradigms -- Base politics management : the micro-dimension -- The financial equations : local equities, base stability, and burden-sharing -- Bases and American strategy : emerging options -- Implications for policy and theory.
|
| 650 |
|
0 |
|a Military bases, American
|z Foreign countries.
|
| 650 |
|
0 |
|a Military bases, American
|x Political aspects.
|
| 856 |
4 |
1 |
|3 Table of contents only
|u http://www.loc.gov/catdir/toc/ecip0720/2007023217.html
|t 0
|
| 938 |
|
|
|a Baker & Taylor
|b BKTY
|c 24.95
|d 24.95
|i 0691134634
|n 0007242132
|s active
|
| 938 |
|
|
|a Baker & Taylor
|b BKTY
|c 60.00
|d 60.00
|i 0691131430
|n 0007242133
|s active
|
| 938 |
|
|
|a Baker and Taylor
|b BTCP
|n BK0007242133
|
| 938 |
|
|
|a YBP Library Services
|b YANK
|n 2572304
|
| 945 |
|
|
|a PromptCat
|b 343810
|
| 946 |
|
|
|a stk
|
| 947 |
|
|
|a A14836587613
|
| 994 |
|
|
|a 92
|b TXA
|
| 948 |
|
|
|a cataloged
|b h
|c 2008/2/27
|d c
|e asalazar
|f 1:01:13 pm
|
| 999 |
|
|
|a MARS
|
| 999 |
f |
f |
|s 327761ba-4145-305e-ac94-79c5b0dade31
|i 7a80a82c-f311-3508-b998-531b94105354
|t 0
|
| 952 |
f |
f |
|p normal
|a Texas A&M University
|b College Station
|c Sterling C. Evans Library
|d Evans: Library Stacks
|t 0
|e UA26.A2 C35 2007
|h Library of Congress classification
|i unmediated -- volume
|m A14836587613
|
| 998 |
f |
f |
|a UA26.A2 C35 2007
|t 0
|l Evans: Library Stacks
|